000 00283nam a2200109Ia 4500
008 200302s9999 xx 000 0 und d
100 _aMiles Lewis
245 _aArchitectura Elements of Architectural Style
260 _bGlobal Book Publishing Pty Ltd
260 _c2008
300 _a399
999 _c3738
_d3738